000 00683nam a2200121Ia 4500
008 220620s9999||||xx |||||||||||||| ||und||
100 _aRobinson, Jennifer||Scott, Allen J.||Taylor, Peter J.
245 0 _aWorking, Housing: Urbanizing: The International Year of Global Understanding - IYGU
546 _aEnglish[eng]
650 _aUrban Geography / Urbanism (inc. megacities, cities, towns)||Labor Economics||Human Geography||Regional Development
856 _uhttps://library.oapen.org/bitstream/20.500.12657/27986/1/1002011.pdf||https://library.oapen.org/bitstream/20.500.12657/27986/1/1002011.pdf||https://library.oapen.org/bitstream/20.500.12657/27986/1/1002011.pdf
942 _cEB
999 _c30377
_d30377